书目信息 |
| 题名: |
建筑工程造价题解
|
|
| 作者: | 倪俭 , 刘钟莹 编著 | |
| 分册: | ||
| 出版信息: | 南京 东南大学出版社 2000.12 |
|
| 页数: | 232页 | |
| 开本: | 26cm | |
| 丛书名: | ||
| 单 册: | ||
| 中图分类: | TU723.3-44 | |
| 科图分类: | ||
| 主题词: | 建筑工程--施工组织 , 建筑工程--施工计划 | |
| 电子资源: | ||
| ISBN: | 7-81050-661-7 | |
| 000 | 00659nam0 2200217 45 | |
| 001 | 0235040216 | |
| 005 | 2002060809440021 | |
| 010 | @a7-81050-661-7@dRMB 24.00 | |
| 100 | @a20020608d2000 km y0chiy0120 ea | |
| 101 | 0 | @achi |
| 102 | @aCN | |
| 200 | 1 | @a建筑工程造价题解@Ajian zhu gong cheng zao jia ti jie@f倪俭,刘钟莹编著@Fni jian,liu zhong ying bian zhu |
| 210 | @a南京@c东南大学出版社@d2000.12 | |
| 215 | @a232页@d26cm | |
| 606 | 0 | @a建筑工程@x施工组织 |
| 606 | 0 | @a建筑工程@x施工计划 |
| 690 | @aTU723.3-44@v3 | |
| 701 | 0 | @a倪俭@Ani jian@4编著 |
| 701 | 0 | @a刘钟莹@Aliu zhong ying@4编著 |
| 801 | 0 | @aCN@bPFT@c20020608 |
| 905 | @a10447@dTU723.3-44@eN498 | |
| 建筑工程造价题解/倪俭,刘钟莹编著.-南京:东南大学出版社,2000.12 |
| 232页;26cm |
| ISBN 7-81050-661-7:RMB 24.00 |
| ● |
| 相关链接 |
|
|
|
正题名:建筑工程造价题解
索取号:TU723.3-44/N498
 
预约/预借
| 序号 | 登录号 | 条形码 | 馆藏地/架位号 | 状态 | 备注 |
| 1 | 360100 | 203601003 | 管理学院资料室/ [索取号:TU723.3-44/N498] | 在馆 | |
| 2 | 360101 | 203601012 | 建筑库201/201建筑库 105排6列5层/ [索取号:TU723.3-44/N498] | 在馆 | |
| 3 | 360102 | 203601021 | 建筑库201/ [索取号:TU723.3-44/N498] | 在馆 |